| LEADER | 08617nam a2200637 4500 | ||
|---|---|---|---|
| 999 | |c 139 |d 139 | ||
| 082 | |a 370.113071 |b PH104TR | ||
| 100 | |a Phạn Trung Thanh | ||
| 245 | |a Rèn luyện nghiệp vụ Sư phạm thường xuyên |b Giáo trình CĐSP |c Phạm Trung Thanh chủ biên, Nguyễn Thị Lý | ||
| 260 | |a H. |b Đại học sư phạm |c 2004 | ||
| 300 | |a 248tr. |c 24cm | ||
| 520 | |a v..v | ||
| 653 | |a Giáo dục | ||
| 653 | |a Rèn luyện | ||
| 653 | |a Nghiệp vụ | ||
| 653 | |a Sư phạm | ||
| 653 | |a Giáo trình | ||
| 942 | |2 ddc |c STK | ||
| 952 | |0 0 |1 0 |2 ddc |4 0 |6 370_113071000000000_PH104TR |7 1 |8 300 |9 3241 |a qbu |b qbu |c D2 |d 2014-11-13 |g 25000 |o 370.113071 PH104TR |p 1774.C1 |w 2014-11-13 |y STK |0 0 |6 370_113071000000000_PH104TR | ||
| 952 | |0 0 |1 0 |2 ddc |4 0 |6 370_113071000000000_PH104TR |7 0 |8 300 |9 3242 |a qbu |b qbu |c D2 |d 2014-11-13 |g 25000 |l 7 |m 2 |o 370.113071 PH104TR |p 1774.C2 |r 2019-09-27 |s 2019-09-03 |w 2014-11-13 |y STK |0 0 |6 370_113071000000000_PH104TR | ||
| 952 | |0 0 |1 0 |2 ddc |4 0 |6 370_113071000000000_PH104TR |7 0 |8 300 |9 3243 |a qbu |b qbu |c D2 |d 2014-11-13 |g 25000 |l 7 |m 1 |o 370.113071 PH104TR |p 1774.C3 |r 2017-10-04 |s 2017-08-22 |w 2014-11-13 |y STK |0 0 |6 370_113071000000000_PH104TR | ||
| 952 | |0 0 |1 0 |2 ddc |4 0 |6 370_113071000000000_PH104TR |7 0 |8 300 |9 3244 |a qbu |b qbu |c D2 |d 2014-11-13 |g 25000 |l 4 |m 2 |o 370.113071 PH104TR |p 1774.C4 |r 2017-11-22 |s 2017-08-28 |w 2014-11-13 |y STK |0 0 |6 370_113071000000000_PH104TR | ||
| 952 | |0 0 |1 0 |2 ddc |4 0 |6 370_113071000000000_PH104TR |7 0 |8 300 |9 3245 |a qbu |b qbu |c D2 |d 2014-11-13 |g 25000 |l 10 |m 2 |o 370.113071 PH104TR |p 1774.C5 |r 2019-11-18 |s 2019-08-19 |w 2014-11-13 |y STK |0 0 |6 370_113071000000000_PH104TR | ||
| 952 | |0 0 |1 0 |2 ddc |4 0 |6 370_113071000000000_PH104TR |7 0 |8 300 |9 3246 |a qbu |b qbu |c D2 |d 2014-11-13 |g 25000 |l 4 |m 3 |o 370.113071 PH104TR |p 1774.C6 |r 2017-11-14 |s 2017-08-31 |w 2014-11-13 |y STK |0 0 |6 370_113071000000000_PH104TR | ||
| 952 | |0 0 |1 0 |2 ddc |4 0 |6 370_113071000000000_PH104TR |7 0 |8 300 |9 3247 |a qbu |b qbu |c D2 |d 2014-11-13 |g 25000 |l 2 |m 1 |o 370.113071 PH104TR |p 1774.C7 |r 2017-09-11 |s 2017-08-23 |w 2014-11-13 |y STK |0 0 |6 370_113071000000000_PH104TR | ||
| 952 | |0 0 |1 0 |2 ddc |4 0 |6 370_113071000000000_PH104TR |7 0 |8 300 |9 3248 |a qbu |b qbu |c D2 |d 2014-11-13 |g 25000 |l 5 |o 370.113071 PH104TR |p 1774.C8 |r 2018-09-18 |s 2018-08-30 |w 2014-11-13 |y STK |0 0 |6 370_113071000000000_PH104TR | ||
| 952 | |0 0 |1 0 |2 ddc |4 0 |6 370_113071000000000_PH104TR |7 0 |8 300 |9 3249 |a qbu |b qbu |c D2 |d 2014-11-13 |g 25000 |l 4 |o 370.113071 PH104TR |p 1774.C9 |r 2017-09-01 |s 2017-08-25 |w 2014-11-13 |y STK |0 0 |6 370_113071000000000_PH104TR | ||
| 952 | |0 0 |1 0 |2 ddc |4 0 |6 370_113071000000000_PH104TR |7 0 |8 300 |9 3250 |a qbu |b qbu |c D2 |d 2014-11-13 |g 25000 |l 8 |m 2 |o 370.113071 PH104TR |p 1774.C10 |r 2019-10-24 |s 2019-08-27 |w 2014-11-13 |y STK |0 0 |6 370_113071000000000_PH104TR | ||
| 952 | |0 0 |1 0 |2 ddc |4 0 |6 370_113071000000000_PH104TR |7 0 |8 300 |9 3251 |a qbu |b qbu |c D2 |d 2014-11-13 |g 25000 |l 3 |m 1 |o 370.113071 PH104TR |p 1774.C11 |r 2017-10-11 |s 2017-08-29 |w 2014-11-13 |y STK |0 0 |6 370_113071000000000_PH104TR | ||
| 952 | |0 0 |1 0 |2 ddc |4 0 |6 370_113071000000000_PH104TR |7 0 |8 300 |9 3252 |a qbu |b qbu |c D2 |d 2014-11-13 |g 25000 |l 3 |m 3 |o 370.113071 PH104TR |p 1774.C12 |r 2017-12-15 |s 2017-08-28 |w 2014-11-13 |y STK |0 0 |6 370_113071000000000_PH104TR | ||
| 952 | |0 0 |1 0 |2 ddc |4 0 |6 370_113071000000000_PH104TR |7 0 |8 300 |9 3253 |a qbu |b qbu |c D2 |d 2014-11-13 |g 25000 |l 5 |m 2 |o 370.113071 PH104TR |p 1774.C13 |r 2018-09-04 |s 2018-08-23 |w 2014-11-13 |y STK |0 0 |6 370_113071000000000_PH104TR | ||
| 952 | |0 0 |1 0 |2 ddc |4 0 |6 370_113071000000000_PH104TR |7 0 |8 300 |9 3254 |a qbu |b qbu |c D2 |d 2014-11-13 |g 25000 |l 3 |m 1 |o 370.113071 PH104TR |p 1774.C14 |r 2017-11-16 |s 2017-08-28 |w 2014-11-13 |y STK |0 0 |6 370_113071000000000_PH104TR | ||
| 952 | |0 0 |1 0 |2 ddc |4 0 |6 370_113071000000000_PH104TR |7 0 |8 300 |9 3255 |a qbu |b qbu |c D2 |d 2014-11-13 |g 25000 |l 2 |o 370.113071 PH104TR |p 1774.C15 |r 2017-10-13 |s 2017-08-23 |w 2014-11-13 |y STK |0 0 |6 370_113071000000000_PH104TR | ||
| 952 | |0 0 |1 0 |2 ddc |4 0 |6 370_113071000000000_PH104TR |7 0 |8 300 |9 3256 |a qbu |b qbu |c D2 |d 2014-11-13 |g 25000 |l 4 |m 2 |o 370.113071 PH104TR |p 1774.C16 |r 2017-12-01 |s 2017-08-28 |w 2014-11-13 |y STK |0 0 |6 370_113071000000000_PH104TR | ||
| 952 | |0 0 |1 0 |2 ddc |4 0 |6 370_113071000000000_PH104TR |7 0 |8 300 |9 3257 |a qbu |b qbu |c D2 |d 2014-11-13 |g 25000 |l 6 |m 1 |o 370.113071 PH104TR |p 1774.C17 |r 2017-09-29 |s 2017-08-31 |w 2014-11-13 |y STK |0 0 |6 370_113071000000000_PH104TR | ||
| 952 | |0 0 |1 0 |2 ddc |4 0 |6 370_113071000000000_PH104TR |7 0 |8 300 |9 3258 |a qbu |b qbu |c D2 |d 2014-11-13 |g 25000 |l 4 |m 1 |o 370.113071 PH104TR |p 1774.C18 |r 2017-10-05 |s 2017-08-31 |w 2014-11-13 |y STK |0 0 |6 370_113071000000000_PH104TR | ||
| 952 | |0 0 |1 0 |2 ddc |4 0 |6 370_113071000000000_PH104TR |7 0 |8 300 |9 3259 |a qbu |b qbu |c D2 |d 2014-11-13 |g 25000 |l 4 |m 1 |o 370.113071 PH104TR |p 1774.C19 |r 2017-10-12 |s 2017-08-25 |w 2014-11-13 |y STK |0 0 |6 370_113071000000000_PH104TR | ||
| 952 | |0 0 |1 0 |2 ddc |4 0 |6 370_113071000000000_PH104TR |7 0 |8 300 |9 3260 |a qbu |b qbu |c D2 |d 2014-11-13 |g 25000 |l 6 |m 2 |o 370.113071 PH104TR |p 1774.C20 |r 2017-11-13 |s 2017-08-31 |w 2014-11-13 |y STK |0 0 |6 370_113071000000000_PH104TR | ||
| 952 | |0 0 |1 0 |2 ddc |4 0 |6 370_113071000000000_PH104TR |7 0 |8 300 |9 3261 |a qbu |b qbu |c D2 |d 2014-11-13 |g 25000 |l 4 |m 2 |o 370.113071 PH104TR |p 1774.C21 |r 2017-09-20 |s 2017-08-30 |w 2014-11-13 |y STK |0 0 |6 370_113071000000000_PH104TR | ||
| 952 | |0 0 |1 0 |2 ddc |4 0 |6 370_113071000000000_PH104TR |7 0 |8 300 |9 3262 |a qbu |b qbu |c D2 |d 2014-11-13 |g 25000 |l 5 |o 370.113071 PH104TR |p 1774.C22 |r 2017-09-08 |s 2017-08-29 |w 2014-11-13 |y STK |0 0 |6 370_113071000000000_PH104TR | ||
| 952 | |0 0 |1 0 |2 ddc |4 0 |6 370_113071000000000_PH104TR |7 0 |8 300 |9 3263 |a qbu |b qbu |c D2 |d 2014-11-13 |g 25000 |l 5 |m 1 |o 370.113071 PH104TR |p 1774.C23 |r 2017-10-27 |s 2017-08-28 |w 2014-11-13 |y STK |0 0 |6 370_113071000000000_PH104TR | ||
| 952 | |0 0 |1 0 |2 ddc |4 0 |6 370_113071000000000_PH104TR |7 0 |8 300 |9 3264 |a qbu |b qbu |c D2 |d 2014-11-13 |g 25000 |l 4 |m 1 |o 370.113071 PH104TR |p 1774.C24 |r 2017-09-05 |s 2017-08-18 |w 2014-11-13 |y STK |0 0 |6 370_113071000000000_PH104TR | ||
| 952 | |0 0 |1 0 |2 ddc |4 0 |6 370_113071000000000_PH104TR |7 0 |8 300 |9 3265 |a qbu |b qbu |c D2 |d 2014-11-13 |g 25000 |l 8 |m 4 |o 370.113071 PH104TR |p 1774.C25 |r 2017-09-21 |s 2017-08-30 |w 2014-11-13 |y STK |0 0 |6 370_113071000000000_PH104TR | ||
| 952 | |0 0 |1 0 |2 ddc |4 0 |6 370_113071000000000_PH104TR |7 0 |8 300 |9 3266 |a qbu |b qbu |c D2 |d 2014-11-13 |g 25000 |l 6 |m 2 |o 370.113071 PH104TR |p 1774.C26 |r 2018-11-07 |s 2018-08-27 |w 2014-11-13 |y STK |0 0 |6 370_113071000000000_PH104TR | ||
| 952 | |0 0 |1 0 |2 ddc |4 0 |6 370_113071000000000_PH104TR |7 0 |8 300 |9 3267 |a qbu |b qbu |c D2 |d 2014-11-13 |g 25000 |l 7 |m 2 |o 370.113071 PH104TR |p 1774.C27 |r 2017-11-17 |s 2017-08-21 |w 2014-11-13 |y STK |0 0 |6 370_113071000000000_PH104TR | ||
| 952 | |0 0 |1 0 |2 ddc |4 0 |6 370_113071000000000_PH104TR |7 0 |8 300 |9 3268 |a qbu |b qbu |c D2 |d 2014-11-13 |g 25000 |l 8 |m 2 |o 370.113071 PH104TR |p 1774.C28 |r 2019-03-21 |s 2019-02-25 |w 2014-11-13 |y STK |0 0 |6 370_113071000000000_PH104TR | ||
| 952 | |0 0 |1 0 |2 ddc |4 0 |6 370_113071000000000_PH104TR |7 0 |8 300 |9 3269 |a qbu |b qbu |c D2 |d 2014-11-13 |g 25000 |l 6 |m 4 |o 370.113071 PH104TR |p 1774.C29 |r 2018-09-19 |s 2018-08-27 |w 2014-11-13 |y STK |0 0 |6 370_113071000000000_PH104TR | ||
| 952 | |0 0 |1 0 |2 ddc |4 0 |6 370_113071000000000_PH104TR |7 0 |8 300 |9 3270 |a qbu |b qbu |c D2 |d 2014-11-13 |g 25000 |l 6 |m 2 |o 370.113071 PH104TR |p 1774.C30 |r 2018-09-06 |s 2018-08-30 |w 2014-11-13 |y STK |0 0 |6 370_113071000000000_PH104TR | ||
| 952 | |0 0 |1 0 |2 ddc |4 0 |6 370_113071000000000_PH104TR |7 0 |8 300 |9 3271 |a qbu |b qbu |c D2 |d 2014-11-13 |g 25000 |l 7 |m 2 |o 370.113071 PH104TR |p 1774.C31 |r 2018-09-04 |s 2018-08-23 |w 2014-11-13 |y STK |0 0 |6 370_113071000000000_PH104TR | ||
| 952 | |0 0 |1 0 |2 ddc |4 0 |6 370_113071000000000_PH104TR |7 0 |8 300 |9 3272 |a qbu |b qbu |c D2 |d 2014-11-13 |g 25000 |l 6 |m 2 |o 370.113071 PH104TR |p 1774.C32 |r 2017-10-12 |s 2017-08-25 |w 2014-11-13 |y STK |0 0 |6 370_113071000000000_PH104TR | ||
| 952 | |0 0 |1 0 |2 ddc |4 0 |6 370_113071000000000_PH104TR |7 0 |8 300 |9 3273 |a qbu |b qbu |c D2 |d 2014-11-13 |g 25000 |l 7 |m 1 |o 370.113071 PH104TR |p 1774.C33 |r 2017-10-05 |s 2017-08-31 |w 2014-11-13 |y STK |0 0 |6 370_113071000000000_PH104TR | ||
| 952 | |0 0 |1 0 |2 ddc |4 0 |6 370_113071000000000_PH104TR |7 0 |8 300 |9 3274 |a qbu |b qbu |c D2 |d 2014-11-13 |g 25000 |l 5 |m 2 |o 370.113071 PH104TR |p 1774.C34 |r 2017-11-16 |s 2017-08-25 |w 2014-11-13 |y STK |0 0 |6 370_113071000000000_PH104TR | ||
| 952 | |0 0 |1 0 |2 ddc |4 0 |6 370_113071000000000_PH104TR |7 0 |8 300 |9 3275 |a qbu |b qbu |c D2 |d 2014-11-13 |g 25000 |l 6 |m 1 |o 370.113071 PH104TR |p 1774.C35 |r 2017-10-13 |s 2017-09-19 |w 2014-11-13 |y STK |0 0 |6 370_113071000000000_PH104TR | ||
| 952 | |0 0 |1 0 |2 ddc |4 0 |6 370_113071000000000_PH104TR |7 0 |8 300 |9 3276 |a qbu |b qbu |c D2 |d 2014-11-13 |g 25000 |l 4 |m 2 |o 370.113071 PH104TR |p 1774.C36 |r 2016-11-29 |s 2016-08-23 |w 2014-11-13 |y STK |0 0 |6 370_113071000000000_PH104TR | ||
| 952 | |0 0 |1 0 |2 ddc |4 0 |6 370_113071000000000_PH104TR |7 0 |8 300 |9 3277 |a qbu |b qbu |c D2 |d 2014-11-13 |g 25000 |l 4 |m 2 |o 370.113071 PH104TR |p 1774.C37 |r 2017-09-19 |s 2017-08-22 |w 2014-11-13 |y STK |0 0 |6 370_113071000000000_PH104TR | ||
| 952 | |0 0 |1 0 |2 ddc |4 0 |6 370_113071000000000_PH104TR |7 0 |8 300 |9 105094 |a qbu |b qbu |c D2 |d 2016-01-06 |g 25000 |l 2 |m 1 |o 370.113071 PH104TR |p 1774.c38 |r 2016-11-15 |s 2016-09-16 |w 2016-01-06 |y STK |0 0 |6 370_113071000000000_PH104TR | ||